ბათუმის შოთა რუსთაველის სახელმწიფო უნივერსიტეტის ბიბლიოთეკა

Verstehen und Übersetzen : (ბიბ.ჩანაწერი № 55661)

000 -LEADER
fixed length control field 00698nam a2200229Ia 4500
001 - CONTROL NUMBER
control field 22756
003 - CONTROL NUMBER IDENTIFIER
control field GE_BSU
005 - DATE AND TIME OF LATEST TRANSACTION
control field 20220527133408.0
008 - FIXED-LENGTH DATA ELEMENTS--GENERAL INFORMATION
fixed length control field 181216s2015||||gw |||||||||||||| ||gem||
020 ## - INTERNATIONAL STANDARD BOOK NUMBER
International Standard Book Number 9783823368779
040 ## - CATALOGING SOURCE
Transcribing agency GE_BSU
041 ## - LANGUAGE CODE
Language code of text/sound track or separate title gem
080 ## - UNIVERSAL DECIMAL CLASSIFICATION NUMBER
Universal Decimal Classification number 81'25 K-89
100 ## - MAIN ENTRY--PERSONAL NAME
Personal name Kußmaul, Paul
9 (RLIN) 13864
245 ## - TITLE STATEMENT
Title Verstehen und Übersetzen :
Remainder of title Ein Lehr- und Arbeitsbuch. 3. Auflage. Uberarbeitete und erweiterte Auflage /
Statement of responsibility, etc. Kußmaul Paul.
264 ## - PRODUCTION, PUBLICATION, DISTRIBUTION, MANUFACTURE, AND COPYRIGHT NOTICE
Place of production, publication, distribution, manufacture Tubingen :
Name of producer, publisher, distributor, manufacturer Narr Verlag.
Date of production, publication, distribution, manufacture, or copyright notice 2015.
300 ## - PHYSICAL DESCRIPTION
Extent 229 p.;
Other physical details 23 cm.
653 ## - INDEX TERM--UNCONTROLLED
keyword Verstehen und Übersetzen: Ein Lehr- und Arbeitsbuch
653 ## - INDEX TERM--UNCONTROLLED
keyword Перевод
653 ## - INDEX TERM--UNCONTROLLED
keyword თარგმანი
942 ## - ADDED ENTRY ELEMENTS (KOHA)
Koha item type წიგნი
Source of classification or shelving scheme
ეგზემპლარები
Withdrawn status Lost status Source of classification or shelving scheme Damaged status Not for loan Permanent Location Current Location Shelving location Date acquired Cost, normal purchase price Full call number Barcode Date last seen Copy number Price effective from Koha item type Public note
          ბათუმის შოთა რუსთაველის სახელმწიფო უნივერსიტეტის მთავარი ბიბლიოთეკა ბათუმის შოთა რუსთაველის სახელმწიფო უნივერსიტეტის მთავარი ბიბლიოთეკა წიგნსაცავი 2018-12-17 96.00 81'25 K-89 58266 2018-12-17 58266 2018-12-17 წიგნი 96 ლ.